[Event "SRB-chT 1st League"]
[Site "Vrnjacka Banja"]
[Date "2007.09.09"]
[Round "1.6"]
[White "Todorovic, Bojan"]
[Black "Rajkovic, Ljubisa"]
[Result "1-0"]
[WhiteElo "2275"]
[BlackElo "2189"]
[PlyCount "69"]
[EventDate "2007.09.08"]
[EventType "team"]
[EventRounds "11"]
[EventCountry "SRB"]
[SourceTitle "EXT 2012"]
[Source "ChessBase"]
[SourceDate "2011.11.24"]
[SourceVersion "1"]
[SourceVersionDate "2011.11.24"]
[SourceQuality "1"]
[WhiteTeam "Progres"]
[BlackTeam "Bozevac Zadrugar"]
[WhiteTeamCountry "SRB"]
[BlackTeamCountry "SRB"]

1. c4 Nf6 2. g3 c6 3. Bg2 d5 4. Nf3 Bf5 5. Qb3 Qb6 6. Qxb6 axb6 7. cxd5 Bxb1 8. Rxb1 Nxd5 9. a3 Nd7 10. d4 e6 11. 0-0 b5 12. e4 N5f6 13. Re1 Nb6 14. Ne5 Rd8 15. Be3 Nbd7 16. Nxd7 Rxd7 17. d5 cxd5 18. e5 d4 19. Bxd4 Rxd4 20. exf6 Kd8 21. Re5 Kc8 22. Rxb5 Rd7 23. Rc1+ Kb8 24. Bf3 gxf6 25. Rc3 Bd6 26. Rcb3 Kc8 27. Bxb7+ Kd8 28. a4 Rc7 29. a5 Rc1+ 30. Kg2 Ra1 31. Bc6 Kc7 32. Bf3 Rc8 33. Rb7+ Kd8 34. Rd3 Rc7 35. Rxd6+ 1-0